000 00323nam a22001217a 4500
008 180516b xxu||||| |||| 00| 0 eng d
041 _aeng
080 _a043.3
100 _a0
101 _aMBE-BTH
245 _aAplikimi i treguesve statistikore në statistikat e sektorit real- Indekset
_cPrestreshi,Nj
942 _2udc
_cBK
999 _c45845
_d45845